La fundación del Monasterio de El Escorial / (Record no. 11055)

MARC details
000 -LEADER
campo de control de longitud fija 00736nam a2200217 i 4500
001 - NÚMERO DE CONTROL
campo de control 11055
003 - IDENTIFICADOR DE NÚMERO DE CONTROL
campo de control ES-MaACL
005 - FECHA Y HORA DE LA ÚLTIMA TRANSACCIÓN
campo de control 20250827063201.0
008 - DATOS DE LONGITUD FIJA--INFORMACIÓN GENERAL
campo de control de longitud fija 880129s1986 sp f |||| | spa j
020 ## - NÚMERO INTERNACIONAL ESTÁNDAR DEL LIBRO
Número Internacional Estándar del Libro 84-7506-178-8
080 ## - NÚMERO DE LA CLASIFICACIÓN DECIMAL UNIVERSAL
Número de la Clasificación Decimal Universal 726.75(460.27 San Lorenzo)(093)
100 0# - ENTRADA PRINCIPAL--NOMBRE DE PERSONA
Nombre de persona José de Sigüenza,
Fechas asociadas al nombre 1544-1606
9 (RLIN) 151215
245 13 - MENCIÓN DEL TÍTULO
Título La fundación del Monasterio de El Escorial /
Mención de responsabilidad, etc. Fray José de Sigüenza.
260 ## - PUBLICACIÓN, DISTRIBUCIÓN, ETC.
Lugar de publicación, distribución, etc. Madrid :
Nombre del editor, distribuidor, etc. Turner,
Fecha de publicación, distribución, etc. [1986]
300 ## - DESCRIPCIÓN FÍSICA
Extensión [VII], 454 p., [20] p. de lám. ;
Dimensiones 25 cm.
610 24 - PUNTO DE ACCESO ADICIONAL DE MATERIA--NOMBRE DE ENTIDAD CORPORATIVA
Nombre de entidad corporativa o nombre de jurisdicción como elemento de entrada Monasterio de El Escorial-
Subdivisión de forma Historia.
9 (RLIN) 5730
651 #7 - PUNTO DE ACCESO ADICIONAL DE MATERIA--NOMBRE GEOGRÁFICO
Nombre geográfico Monasterio de El Escorial
Subdivisión general Edificios, estructuras, etc.
9 (RLIN) 144603
852 ## - LOCALIZACIÓN
Ubicación ES-MaACL
Número de control de estantería L-18429
942 ## - ELEMENTOS DE ENTRADA SECUNDARIOS (KOHA)
Fuente del sistema de clasificación o colocación Clasificación decimal universal
Holdings
Estatus retirado Estado de pérdida Estado de daño No para préstamo Biblioteca de origen Biblioteca actual Ubicación en estantería Fecha de adquisición Fuente de adquisición Total de préstamos Signatura topográfica completa Código de barras Visto por última vez Precio de reemplazo Tipo de ítem Koha
        Biblioteca del Ateneo de Madrid Biblioteca del Ateneo de Madrid Depósito 2 17/01/2008     L-18429 1011274 23/02/2023 23/02/2023 Libro impreso